Catálogo
 En Linea

Los compadres ; el hacedor de agua / (Registro nro. 31501)

Detalles MARC
000 -CABECERA
campo de control de longitud fija 00624nam a2200193 a 4500
001 - NÚMERO DE CONTROL
campo de control 000032010
005 - FECHA Y HORA DE LA ÚLTIMA TRANSACCIÓN
campo de control 20200930063344.0
008 - DATOS DE LONGITUD FIJA--INFORMACIÓN GENERAL
campo de control de longitud fija 110707s1995 dr 000 j spa d
040 ## - FUENTE DE LA CATALOGACIÓN
Centro catalogador/agencia de origen DO-SdBNP
Lengua de catalogación spa
Centro/agencia transcriptor BNPHU
082 ## - NÚMERO DE LA CLASIFICACIÓN DECIMAL DEWEY
Número de clasificación xxx
Número de documento/Ítem Q7c
049 ## - FONDOS LOCALES (OCLC)
Fondos de biblioteca BNPD
100 1# - ENTRADA PRINCIPAL--NOMBRE DE PERSONA
Nombre de persona Quiñones, Víctor
9 (RLIN) 27411
245 14 - MENCIÓN DE TÍTULO
Título Los compadres ; el hacedor de agua /
Mención de responsabilidad, etc. Víctor Quiñones.
260 ## - PUBLICACIÓN, DISTRIBUCIÓN, ETC.
Lugar de publicación, distribución, etc. Santiago, República Dominicana :
Nombre del editor, distribuidor, etc. Impresora Central,
Fecha de publicación, distribución, etc. 1995.
300 ## - DESCRIPCIÓN FÍSICA
Extensión 31 p. ;
Dimensiones 14 cm.
490 1# - MENCIÓN DE SERIE
Mención de serie Viraqui. Cuentos. Cuentos Linieros
Designación de volumen o secuencia 2
730 3# - PUNTO DE ACCESO ADICIONAL--TÍTULO UNIFORME
Título uniforme El hacedor de agua
9 (RLIN) 58159
830 #0 - PUNTO DE ACCESO ADICIONAL DE SERIE-TÍTULO UNIFORME
Título uniforme Viraqui. Cuentos. Cuentos Linieros;
Número de parte o sección de la obra 2
9 (RLIN) 58160
Existencias
Estado de retiro Estado de pérdida No para préstamo Código de colección Localización permanente Ubicación/localización actual Ubicación en estantería Fecha de adquisición Número de inventario Total de préstamos Signatura topográfica completa Código de barras Fecha visto por última vez Precio válido a partir de Tipo de ítem Koha
    Excluido de préstamo Patrimonio Dominicano Patrimonio Dominicano Patrimonio Dominicano En catalogación 07.07.2011 LF1   xxx Q7c 32010-10 25.06.2020 25.06.2020 Libro y Folleto Colección Patrimonio Dominicano

Con tecnología Koha